| 000 | 00356nam a2200133Ia 4500 | ||
|---|---|---|---|
| 008 | 220916s9999 xx 000 0 und d | ||
| 020 | _a9783642179068 | ||
| 100 | _aKLEBE, GERHARD | ||
| 245 | 0 | _aDRUG DESIGN METHODOLOGY CONCEPT AND MODE OF ACTION | |
| 260 |
_bSPRINGER REFERENCE, NEW YORK _c2013 |
||
| 300 | _a901 | ||
| 650 | _aPharmaceutics | ||
| 942 | _cBK | ||
| 999 |
_c89681 _d89681 |
||